Songs and Artists by Fishing Terms - Statistics

General Stats
  • This quiz has been taken 62 times
  • The average score is 6 of 12
Answer Stats
Answer % Correct
Toto - Hold the {Line}
86%
Justin Timberlake - Cry Me a {River}
84%
Meghan Trainor - All About That {Bass}
82%
Blue Swede, Bjorn Skifs - {Hooked} On A Feeling
67%
Steely Dan - {Reelin'} In The Years
56%
Adele - {Water} Under the Bridge
54%
Nitty Gritty Dirt Band - {Fishin'} in the Dark
51%
Jimi Hendrix - {Cast}les Made of Sand
40%
DayGlow - Hot {Rod}
32%
{Rod} Wave - Rags2Riches 2 (feat. Lil Baby)
25%
Aliotta Haynes Jeremiah - {Lake} Shore Drive
23%
Peter Gabriel - The Family And The {Fishing Net}
12%
No matching quizzes found
Score Distribution
Percent of People with Each Score
Percentile by Number Answered
Your Score History
You have not taken this quiz